Norte-Sur : El muro que no cae.

Guardado en:
Formato: Deslizar
Materias:
Etiquetas: Agregar Etiqueta
Sin Etiquetas, Sea el primero en etiquetar este registro!
LEADER 00845ngm a22002535g 4500
001 CEM.cems022258
008 130507b1996##################0###0#####d
005 20241015140823.0
245 0 0 |a Norte-Sur :  |b El muro que no cae. 
300 |a 55'. 
500 |a En soporte VHS, consultar en ventanilla. 
505 0 |a La realidad actual de los hemisferios norte y sur en sus distintos aspectos: político, social, económico, etc. 
538 |a Soporte: VHS - Norma: Pal N - Color: Si - Grabación DRD 1996 - Hitachi=0000 
082 9 8 |/ CON 
653 |a HISTORIA 
653 |a POLITICA 
653 |a SOCIOLOGIA 
653 |a ACTUALIDAD 
653 |a NORTE-SUR 
653 |a DESARROLLO 
653 |a SUBDESARROLLO 
653 |a NIVEL PRIMARIO 
653 |a NIVEL SECUNDARIO 
859 |a CEMS  |b BIB. CEMS - Depto. Recursos Didacticos  |h 982  |i CON  |k DRD  |p 901.12  |t Ej.1